[Event "Plancoet op-A 10th"]
[Site "Plancoet"]
[Date "2013.07.30"]
[Round "3"]
[White "Dgebuadze, Alexandre"]
[Black "Leroy, Didier"]
[Result "1-0"]
[WhiteElo "2570"]
[BlackElo "2305"]
[Annotator "RR"]
[PlyCount "85"]
[EventDate "2013.07.28"]
[EventType "swiss"]
[EventRounds "9"]
[EventCountry "FRA"]
[SourceTitle "EXT 2017"]
[Source "ChessBase"]
[SourceDate "2016.10.25"]
[SourceVersion "1"]
[SourceVersionDate "2016.10.25"]
[SourceQuality "1"]
[TimeControl "40/5400+30:1800+30"]

1. d4 Nf6 2. Nf3 d5 3. c4 e6 4. e3 a6 5. Nbd2 (5. cxd5 exd5 6. Bd3 Bd6 7. O-O
O-O 8. h3 Re8 9. Nc3 b6 10. b3 Bb7 11. Bb2 Nbd7 12. Rc1 Qe7 13. Qe2 Ne4 14. Nd2
f5 15. Nf3 Rf8 16. Rfe1 Rf6 17. Qf1 Rh6 18. Ne2 g5 19. Bxe4 fxe4 20. Ne5 Nxe5
21. dxe5 Bxe5 22. Bxe5 Qxe5 23. b4 Rf8 24. Ng3 Rhf6 25. Rc2 c5 26. bxc5 bxc5
27. Rb1 Qc7 28. Qc1 c4 29. Qb2 Bc8 30. Qd4 Rd6 31. Qe5 h6 32. Rd1 Rfd8 33. Rcd2
Rc6 34. Qc3 Rcd6 {Nakamura,H (2778)-Morozevich,A (2770) Biel 2012 1-0 (61)})
5... b6 (5... c5 6. b3 cxd4 7. exd4 Be7 8. Bb2 O-O 9. Bd3 b6 10. O-O Bb7 11.
Rc1 Nbd7 12. Qe2 Re8 13. Rfd1 Bf8 14. Ne5 g6 15. Ndf3 dxc4 16. bxc4 Nxe5 17.
Nxe5 Nd7 18. f4 Bh6 19. Qf2 Rc8 20. Rc2 {Ponomariov,R (2723)-Feller,S (2658)
San Sebastian 2012 1-0 (32)}) 6. Bd3 Bb7 7. cxd5 $146 (7. O-O Bd6 8. b3 O-O 9.
Qc2 dxc4 10. bxc4 Nbd7 11. Bb2 c5 12. Ne4 Nxe4 13. Bxe4 Bxe4 14. Qxe4 Qe7 15.
Rfd1 Rfd8 16. a4 Nf6 17. Qh4 cxd4 18. exd4 Rac8 19. d5 exd5 20. Bxf6 Qxf6 21.
Qxf6 gxf6 {Nemet,I (2439)-Milov,V (2602) Biel 2002 0-1 (38)}) 7... exd5 8. O-O
Bd6 9. Ne5 O-O 10. f4 $1 {[%cal Gf1f3,Gf3h3,Gd2f3,Gf3g5]} c5 11. Rf3 Nc6 12.
Rh3 g6 13. Ndf3 {Les pièces Blanches deviennent très menaçantes à
l'aile-roi} Qc8 14. Qe1 (14. Ng5 $5 cxd4 15. exd4 Nxd4 16. Be3 $44 {[%cal
Ga1c1]}) 14... Be7 15. Ng5 Nxe5 $6 16. fxe5 Nh5 17. Nxh7 $1 {La pointe
probablement oubliée par les Noirs} Kxh7 18. Rxh5+ Kg7 19. Qg3 $36 Rh8 20.
Rxh8 Qxh8 21. e6 $1 Qh4 22. Qxh4 Bxh4 23. exf7 Bf6 24. dxc5 bxc5 25. Bd2 Kxf7
26. Rf1 Kg7 27. b3 Rd8 28. Rc1 c4 29. Be2 Bc8 30. Bc3 $1 {[%csl Rc8]} Be6 31.
Bd4 (31. Bxf6+ Kxf6 32. Kf2) 31... Bxd4 32. exd4 Rb8 33. Rc3 a5 34. Kf2 Kf6 35.
Ke3 Rb4 36. h4 a4 37. bxc4 dxc4 38. Bf3 Rb2 39. d5 Bd7 40. Rxc4 Ke5 41. Rc7 Bf5
$4 (41... Kd6) 42. g4 Bb1 43. Rc6 1-0

[Event "Syre Memorial op 36th"]
[Site "Issy les Moulineaux"]
[Date "2013.05.12"]
[Round "6"]
[White "Shirazi, Kamran"]
[Black "Legky, Nikolay A"]
[Result "1-0"]
[WhiteElo "2411"]
[BlackElo "2387"]
[Annotator "RR"]
[PlyCount "127"]
[EventDate "2013.05.08"]
[EventType "swiss"]
[EventRounds "7"]
[EventCountry "FRA"]
[SourceTitle "EXT 2015"]
[Source "ChessBase"]
[SourceDate "2014.11.20"]
[SourceVersion "1"]
[SourceVersionDate "2014.11.20"]
[SourceQuality "1"]
[TimeControl "40/5400+30:1200+30"]

1. c4 e6 2. Nf3 d5 3. e3 Nf6 4. a3 $5 {Un coup souple qui permet plusieurs
transpositions} c5 (4... Be7 5. Nc3) 5. d4 (5. b3 Nc6 6. Bb2 d4) 5... Be7 (5...
b6 6. cxd5 exd5 7. Bb5+ Bd7 8. Be2 Bd6 9. Nc3 Bc6 10. Ne5 Bxe5 11. dxe5 Ne4 12.
Nxe4 dxe4 13. Qxd8+ Kxd8 14. b4 Nd7 15. Bb2 Re8 16. f4 exf3 17. gxf3 Nxe5 18.
Kf2 g6 19. Rhd1+ Kc7 20. bxc5 {Bosboom,M (2399)-Landa,K (2628) Vlissingen 2011
0-1 (50)}) (5... dxc4 6. Bxc4 a6 7. O-O b5 8. Bd3 Bb7 9. dxc5 Bxc5 10. b4 Be7
11. Bb2 O-O 12. Qe2 Nbd7 13. Rd1 Nd5 14. Nc3 Bf6 15. Ne4 Bxb2 16. Qxb2 Qe7 17.
Ne5 Nxe5 18. Qxe5 Rfd8 19. Nc5 Bc6 20. Be4 a5 21. Bxd5 Bxd5 22. e4 Bc4 23. h3
axb4 24. axb4 h6 25. Rxa8 Rxa8 26. Rd7 Qg5 27. Qxg5 hxg5 28. Nb7 Ra1+ 29. Kh2
Ra2 30. Kg1 f6 31. Na5 Rb2 32. Nc6 Re2 33. f3 Rb2 34. Rb7 Kh7 35. Re7 {
Kempinski,R (2580)-Ivanisevic,I (2655) Legnica 2013 1/2-1/2 (61)}) 6. dxc5 a5 (
6... Bxc5) 7. Nc3 Bxc5 8. cxd5 exd5 9. Bb5+ Nc6 10. Ne5 $146 (10. Nd4 Bd7 11.
Nb3 Be7 12. Nxd5 Nxd5 13. Qxd5 O-O 14. O-O Qc7 15. Qh5 g6 16. Qe2 Bf6 17. e4 a4
18. Bxc6 Bxc6 19. Nd2 Rfe8 20. Kh1 Qb6 21. Re1 Bb5 22. Qf3 Bd4 23. Kg1 Re6 24.
Qg3 Rae8 25. Rb1 Bc6 26. b4 Be5 27. Qe3 Bd4 28. Qg3 f5 29. Bb2 Bxb2 30. Rxb2
Qd4 31. Reb1 Bxe4 32. Nxe4 Rxe4 33. h3 Rc8 34. Qg5 Qd8 35. Qxd8+ Rxd8 36. Rc1
Rd3 37. Rc7 b5 38. Rb7 Red4 39. Rxb5 Rxa3 {Koserak,W-Opocensky,K Nice 1938 1/
2-1/2}) 10... O-O 11. Nxc6 bxc6 12. Bxc6 Ra6 $13 {C'était la seconde ronde de
la journée et le GMI n'avait probablement pas eu le temps de se préparer
mais les Noirs ont des compensations assez légères} 13. Bb5 Rd6 14. Be2 Ne4 (
14... d4 $1 15. exd4 Bxd4 {[%csl Rd1,Re1,Rf2][%cal Gd4f2,Gd6d1]} 16. Qb3 Qe7
$40 (16... Be6)) 15. Nxe4 dxe4 16. Qc2 Qe7 17. Bd2 Ba6 18. Bxa6 Rxa6 19. Qc4
Rg6 20. g3 Bb6 21. Bc3 Qd7 22. Rd1 $14 Qf5 23. Rd5 Qf3 24. Rg1 Bxe3 $1 25. Qe2
(25. fxe3 Qxe3+ 26. Kf1 Rf6+ 27. Bxf6 Qf3+ 28. Ke1 Qe3+ 29. Qe2 Qxg1+) 25...
Bb6 26. Qxf3 exf3 27. Rf5 Rc6 28. Rxf3 Bd4 29. Kd2 Bxc3+ 30. Rxc3 Rd8+ 31. Kc2
{Avec des P sur les deux ailes, les blancs ont des bonnes chances de valoriser
le P supplémentaire} Rcd6 32. Kb1 Rd2 33. Rc2 Kf8 34. Re1 R2d5 35. Ka2 g5 36.
Rc4 h6 37. h4 Rf5 38. hxg5 hxg5 39. f4 gxf4 40. gxf4 Rd3 41. Ree4 Rf3 42. Ra4
f6 43. Rac4 Kf7 44. Rc7+ (44. Rc2 Kg6 45. Rc8 Rf2 46. a4 Rd5 47. Rec4 Rf5 48.
Ka3 Kh5 {suite illisible et gain Blanc au 65ème coup} 49. R8c7 Kg4) 44... Kg6
45. Ra7 Rf2 46. a4 Rd5 47. Rc4 Rf5 48. Ka3 Kh5 49. Rb7 Kg4 50. Rb5 R2xf4 51.
Rxf5 Kxf5 52. Rc5+ Ke6 53. Rxa5 f5 54. Rc5 Kd6 55. Rc1 Re4 56. a5 f4 57. Rc8
Kd7 58. Rc3 Re3 59. Kb4 Rg3 $4 {Le GMI était pourtant un finaliste redoutable
et il craque en finale!} 60. a6 Rg8 61. Ka5 {[%csl Gc3,Rd7][%cal Ga5b6,Ga6a7,
Gb6b7,Ga7a8] Le K Noir est coupé et les Noirs pouvaient abandonner.} Rf8 62.
Kb6 $4 {La phase KO de 20 mns passe trés vite et dans cette partie importante,
il y a beaucoup de tension} (62. a7 $8 f3 63. Rxf3) 62... Kd6 $4 (62... Rb8+ $8
63. Kc5 Rxb2 64. Ra3 Rc2+ 65. Kd4 Rc8 66. a7 Ra8 67. Kc5 Ke6 68. Kb6 Ke5 69.
Kb7 Rxa7+ 70. Kxa7 Ke4 $11) 63. Kb7 Rf7+ 64. Kb8 {J'ai pourtant assisté à la
finale mais je ne me souviens pas si les Noirs ont perdu au temps} (64. Kb8 f3
65. Rc1 f2 66. a7 f1=Q 67. Rxf1 Rxf1 68. a8=Q Rf8+ {Et le K Noir va se
goinfrer sur le P}) 1-0

[Event "POL-chT 66th"]
[Site "Katowice"]
[Date "2010.09.07"]
[Round "4"]
[White "Urban, Klaudiusz"]
[Black "Socko, Bartosz"]
[Result "0-1"]
[WhiteElo "2468"]
[BlackElo "2657"]
[Annotator "RR"]
[PlyCount "64"]
[EventDate "2010.09.04"]
[EventType "team-tourn"]
[EventRounds "9"]
[EventCountry "POL"]
[SourceTitle "EXT 2016"]
[Source "ChessBase"]
[SourceDate "2015.10.08"]
[SourceVersion "1"]
[SourceVersionDate "2015.10.08"]
[SourceQuality "1"]
[WhiteTeam "Poznan Pocztowiec"]
[BlackTeam "Katowice Szopienice"]
[WhiteTeamCountry "POL"]
[BlackTeamCountry "POL"]

1. Nf3 Nf6 2. c4 e6 3. g3 d5 4. d4 dxc4 5. Qa4+ {Cette ancienne variante ne
pose pas trop de problèmes aux Noirs pour égaliser} (5. Bg2 $142 Be7 6. O-O
O-O {Aurait continer de suivre une grande ligne de la Catalane}) 5... c6 (5...
Nbd7) 6. Qxc4 b5 $1 7. Qd3 (7. Qc2 {La grande ligne mais le plan des Noirsn
est de pousser rapidement c5 et la Qc2 sera un peu exposée.} Bb7) 7... Bb7 8.
Bg2 Nbd7 9. O-O Be7 (9... a6 10. Nfd2 Qb6 11. a4 Rd8 12. Nc3 Be7 13. Nb3 O-O
14. axb5 cxb5 15. e4 Ne5 16. Qe2 Nc4 17. Rd1 Nd7 18. Bf4 Rfe8 19. e5 Bxg2 20.
Kxg2 Qb7+ 21. Kg1 Ndb6 22. Nc5 Bxc5 23. dxc5 Nd5 24. Nxd5 exd5 25. b3 Nxe5 26.
Bxe5 f6 27. Qa2 fxe5 28. Qxa6 Qxa6 29. Rxa6 d4 30. Rb6 Rb8 31. Rxb8 Rxb8 32. f4
Kf7 33. fxe5 Rd8 34. c6 Ke6 35. c7 Rc8 36. Rxd4 Rxc7 37. Rd6+ Kxe5 {1/2-1/2 
(37) Leitao,R (2636)-Shabalov,A (2499) Praia da Pipa 2014}) 10. a4 a6 {[%cal
Gc6c5]} 11. Nfd2 {Une nouveauté dans cet ordre de coups mais en fait, c'est
une simple transposition.} (11. Bg5) 11... Qb6 12. axb5 (12. Nb3 {[%csl Gc5]}
O-O $132 {Gyimesi,Z (2616)-Pavasovic,D (2575) SLO-chT Murska Sobota 2006 (7) 1/
2}) 12... cxb5 $5 $146 (12... axb5 13. Rxa8+ Bxa8 14. Nc3 O-O 15. Nb3 Bb7 16.
Be3 Nd5 17. Ne4 b4 18. Ra1 Ra8 19. Rxa8+ Bxa8 20. Nec5 Nxc5 21. dxc5 Qa7 22.
Bd4 Qa4 23. e4 Nf6 24. Qc4 Nd7 25. Bh3 Kf8 26. Bf1 Bb7 27. f4 Nb8 28. Bc3 Na6
29. Be5 Qa2 30. Qc2 Kg8 31. Bd6 Bf6 32. e5 Bd8 33. Bc4 g6 34. Nd2 Qa1+ 35. Qb1
Qxb1+ 36. Nxb1 g5 37. Nd2 gxf4 38. gxf4 Nc7 39. Bxc7 Bxc7 40. Ne4 Bc8 41. Nf6+
Kh8 42. Ne8 {Landa,K (2627)-Galkin,A (2617) Dagomys 2009 1-0 (87)}) 13. e4 {
[%csl Gd4,Ge4]} O-O 14. Nc3 Rfd8 15. Nb3 {Cette manoeuvre du Nf3 est trés
lente et la pette avance de développement des Noirs va commencer à leur
donner l'initiative} Ne5 $1 16. Qe2 Nc4 17. Rd1 Rac8 $32 18. Bg5 h6 19. Bxf6 (
19. Bf4) 19... Bxf6 20. e5 Bxg2 21. exf6 Qb7 $1 {[%csl Rg1]} 22. Qg4 g6 {
[%cal Gg2f3,Gf3d1,Gf3g4]} 23. Nc5 Qf3 $1 24. Qh4 Bh1 $40 25. Qh3 Nxb2 {[%csl
Ga6,Gb5]} 26. Re1 Rxd4 $19 27. Nxe6 Rh4 28. Qf1 Rxc3 29. gxh4 fxe6 30. h3 Qxh3
31. Qxh3 Rxh3 32. f3 Bxf3 0-1

[Event "POL-chT 66th"]
[Site "Katowice"]
[Date "2010.09.11"]
[Round "8"]
[White "Kempinski, Robert"]
[Black "Bartel, Mateusz"]
[Result "1/2-1/2"]
[WhiteElo "2615"]
[BlackElo "2599"]
[Annotator "RR"]
[PlyCount "73"]
[EventDate "2010.09.04"]
[EventType "team-tourn"]
[EventRounds "9"]
[EventCountry "POL"]
[SourceTitle "EXT 2016"]
[Source "ChessBase"]
[SourceDate "2015.10.08"]
[SourceVersion "1"]
[SourceVersionDate "2015.10.08"]
[SourceQuality "1"]
[WhiteTeam "Wroclaw"]
[BlackTeam "Wroclaw Polonia"]
[WhiteTeamCountry "POL"]
[BlackTeamCountry "POL"]

1. c4 Nf6 2. Nf3 e6 3. d4 d5 4. e3 a6 5. Nbd2 (5. b3 c5 6. Bb2 cxd4 7. exd4 g6
8. Bd3 Bg7 9. O-O O-O 10. Nbd2 Nc6 11. Ne5 Bd7 12. Ndf3 dxc4 13. bxc4 Qc7 14.
a4 Rfd8 15. Qb3 Nxe5 16. Nxe5 Bc6 17. Rfd1 Nd7 18. f4 Nxe5 19. fxe5 Rd7 20. Be2
Qd8 21. a5 Rc8 22. d5 exd5 23. Bg4 d4 24. Bxd7 Qxd7 25. Rxd4 Qe7 26. Re1 Re8
27. Rf4 Qc5+ 28. Bd4 Qxa5 29. Qc3 Qxc3 30. Bxc3 Bh6 31. Rf2 b5 32. Rf6 Bd7 33.
Rxa6 bxc4 34. Rea1 Be6 {Karjakin,S (2771)-Topalov,V (2772) Stavanger 2014 1/
2-1/2}) 5... Nbd7 (5... c5 {[%csl Rd2] La grande ligne}) 6. b3 b6 (6... c5 {
Vavrak,P (2454)-Koziak,V (2437) Rohde op 07th 2007 (7) 0-1}) 7. Bd3 Bb7 8. O-O
Bd6 9. Qc2 O-O 10. e4 dxe4 11. Nxe4 Bxe4 12. Bxe4 Nxe4 13. Qxe4 Nf6 14. Qe2 c5
15. Bb2 Qe7 16. Rad1 Rfd8 (16... cxd4 17. Nxd4 Qc7 18. h3 Rad8 19. Rd3 Bc5 20.
Qf3 Rd7 21. Rfd1 Rfd8 22. Ne2 Rxd3 23. Rxd3 Rxd3 24. Qxd3 Qd7 25. Nf4 Qxd3 26.
Nxd3 Nd7 27. Nxc5 bxc5 28. f4 f6 29. Kf2 Kf7 30. Ke3 Ke7 31. Ke4 g6 32. g4 Kd6
33. Bc3 Kc6 34. a3 Kd6 35. b4 f5+ 36. gxf5 exf5+ 37. Kd3 Kc6 38. Bd2 Nf6 39.
Be3 cxb4 40. axb4 Ne4 41. Kd4 Kd6 42. b5 axb5 43. cxb5 Nc5 44. Kc4 Nd7 45. Bd4
Ke6 46. h4 {Kempinski,R (2600)-Piorun,K (2513) Warsaw 2011 1-0}) 17. h3 h6 18.
Rd3 cxd4 19. Nxd4 Qe8 20. Rfd1 Bc5 21. Qf3 (21. Nf3 Rxd3 22. Rxd3 b5 23. Bxf6
gxf6 24. Nd4 {[%csl Rh6][%cal Gd3g3]}) 21... e5 22. Nf5 Rxd3 23. Qxd3 Qe6 24.
Qf3 Re8 25. Re1 e4 26. Qf4 {[%csl Rf6][%cal Gf5h6]} Kh7 27. g4 (27. Nxh6 e3 $1
(27... gxh6 28. Bxf6)) 27... Bb4 28. Rd1 Bc5 29. Kg2 b5 30. Re1 bxc4 31. bxc4
g5 32. Qg3 Nh5 33. gxh5 Qxf5 34. Re2 Bb4 35. a3 Ba5 36. Re3 Qe6 37. c5 1/2-1/2

[Event "URS-chT Cup 11th 1st league"]
[Site "Jurmala"]
[Date "1980.05.??"]
[Round "5.3"]
[White "Mikenas, Vladas Ivanovich"]
[Black "Panchenko, Alexander N"]
[Result "0-1"]
[WhiteElo "2420"]
[BlackElo "2495"]
[Annotator "RR"]
[PlyCount "81"]
[EventDate "1980.05.23"]
[EventType "team-tourn"]
[EventRounds "6"]
[EventCountry "LAT"]
[SourceTitle "EXT 2020"]
[Source "ChessBase"]
[SourceDate "2019.10.17"]
[SourceVersion "1"]
[SourceVersionDate "2019.10.17"]
[SourceQuality "1"]
[WhiteTeam "Zhalgiris"]
[BlackTeam "Zenit"]
[WhiteTeamCountry "URS"]
[BlackTeamCountry "URS"]

1. d4 d5 2. c4 e6 3. Nf3 Nf6 4. Qc2 $6 {[%csl Rc2] une ligne trés douteuse et
qui a été jouée pour la 1ère fois au Championnat de Paris 1929} c5 $1 {le plus
précis pour exploiter la position exposée de la Q blanche} (4... dxc4 5. Qxc4
c6 6. g3 b5 $11) (4... Nbd7 $143 {Schwarzmann,L-Lazard,F Paris Team Ch 1929 (2)
0-1}) 5. dxc5 Bxc5 6. cxd5 Qb6 $1 7. e3 exd5 (7... Nxd5 $11 8. a3 O-O 9. b4 Be7
10. Bb2 a5 11. b5 Nd7 {[%cal Gd7c5]}) 8. a3 O-O 9. b4 Be7 10. Bb2 Nc6 (10...
Bg4) 11. Be2 Be6 12. b5 Na5 13. Bd4 Qd6 14. O-O Rfc8 $15 {[%csl Rc2]} 15. Qa4
b6 16. Nbd2 Nd7 17. Nb3 $6 {[%csl Ra4]} Nc4 $1 18. Rfc1 Rc7 19. Nfd2 Rac8 $17
20. Nxc4 dxc4 21. Nd2 Nc5 22. Bxc5 Qxc5 23. Ne4 (23. Nxc4) (23. Bxc4 Qe5 {
[%csl Ra1][%cal Ge6c4,Gc7c1]}) 23... Qe5 $40 24. Nc3 Rd8 25. Ra2 h5 26. Rac2 h4
27. Bf3 Rcd7 28. Be2 h3 29. Bxc4 Bxc4 30. Qxc4 Bxa3 31. Re1 Rc7 32. Qb3 Bd6 33.
f4 Qc5 34. Rd2 Qxc3 35. Qxc3 Rxc3 36. Red1 Rb3 37. gxh3 Rxb5 38. Rxd6 Rxd6 39.
Rxd6 a5 40. Rd8+ Kh7 41. Ra8 0-1

[Event "POL-chT 66th"]
[Site "Katowice"]
[Date "2010.09.05"]
[Round "2"]
[White "Szoen, Dariusz"]
[Black "Przybylski, Wojciech"]
[Result "0-1"]
[WhiteElo "2448"]
[BlackElo "2331"]
[Annotator "RR"]
[PlyCount "76"]
[EventDate "2010.09.04"]
[EventType "team-tourn"]
[EventRounds "9"]
[EventCountry "POL"]
[SourceTitle "EXT 2016"]
[Source "ChessBase"]
[SourceDate "2015.10.08"]
[SourceVersion "1"]
[SourceVersionDate "2015.10.08"]
[SourceQuality "1"]
[WhiteTeam "Lublin"]
[BlackTeam "Poznan Pocztowiec"]
[WhiteTeamCountry "POL"]
[BlackTeamCountry "POL"]

1. d4 d5 2. c4 c6 3. Nf3 Nf6 4. e3 e6 5. b3 Nbd7 6. Bd3 Bd6 7. O-O O-O 8. Bb2
b6 9. Qc2 (9. Nbd2 Bb7 10. Qe2 c5 11. Rac1 cxd4 12. exd4 dxc4 13. bxc4 Re8 14.
Rfd1 Bf8 15. Bb1 Rc8 16. Nf1 g6 17. Ne3 Bg7 18. h3 Nh5 19. Ne5 Qc7 20. Nxd7
Qxd7 21. g3 e5 22. dxe5 Qxh3 23. Nd5 b5 24. Be4 Rxc4 25. Rxc4 bxc4 26. Qxc4 Qg4
27. Qc2 Bxd5 28. Bxd5 Bxe5 29. Re1 Nxg3 30. Rxe5 Ne4+ 31. Kf1 Qh3+ 32. Ke1 Rxe5
33. Bxe5 Qh1+ 34. Ke2 Qh5+ 35. Kd3 Qf3+ 36. Kd4 Qxf2+ 37. Qxf2 Nxf2 38. a4 h5 {
Belous,V (2584)-Reshetnikov,A (2498) Moscow 2014 1-0}) 9... Bb7 10. Nbd2 (10.
Nc3 {Plus actif} Rc8 11. Rad1 (11. e4)) 10... Qc7 11. Rfe1 (11. Rac1 Rac8 12.
h3 Rfe8 13. a3 c5 14. e4 dxe4 15. Nxe4 Nxe4 16. Bxe4 Bxe4 17. Qxe4 Nf6 18. Qc2
cxd4 19. Nxd4 a6 20. Qe2 Red8 21. Rcd1 Qe7 22. Nc2 e5 23. Rfe1 Re8 24. b4 Qe6
25. Ne3 a5 26. Nd5 axb4 27. axb4 Nxd5 28. Rxd5 Bxb4 29. Rxe5 Bxe1 30. Rxe6 Rxe6
31. Qg4 g6 32. Qd4 f6 33. Qd5 Rce8 34. Bxf6 Kf7 35. Bb2 Bb4 36. Bd4 Ba5 37. g4
R8e7 38. g5 Rc7 39. Be5 Rc5 40. Qb7+ Re7 {Djingarova,E (2303)-Zisiadis,D (1882)
Paleochora 2014 1-0}) 11... Rfe8 12. e4 dxe4 13. Nxe4 Nxe4 14. Rxe4 f5 $5 15.
Re2 c5 16. d5 $14 {[%csl Rf5][%cal Ga1e1]} exd5 17. Bxf5 (17. Rae1 Rxe2 18.
Qxe2 $44 (18. Rxe2 d4)) 17... Nf8 18. cxd5 Bxd5 19. Ng5 (19. Rae1 $142 {
Plus simple} Rxe2 20. Qxe2 {[%cal Ge2f3]} Rd8 {[%cal Gd5f3,Gd6h2]} 21. g3 {
[%csl Rg1]}) 19... Rxe2 20. Qxe2 Bxh2+ 21. Kh1 Bf4 $2 22. Be4 Qc6 23. Rd1 $4 (
23. Qh5 $1 h6 (23... Bxe4 24. Qf7+ Kh8 25. Qxg7#) 24. Rd1 $3 Rd8 25. Bxd5+ Rxd5
26. Qf7+) 23... Bxe4 24. Qc4+ Ne6 25. Nxe6 b5 26. Qc3 Bxg2+ 27. Kg1 Bh6 28.
Nxg7 Qg6 29. Qg3 Bf3 30. Qxg6 hxg6 31. Rd6 Be4 32. Nh5 Kf7 33. Nf6 Bf5 34. Nd5
Re8 35. Rf6+ Kg8 36. Rc6 Re1+ 37. Kh2 Re2 38. Bf6 Be6 0-1